000 00588cam a2200253 4500
001 1270070
005 20171218075529.0
008 711101s1971 enkh b 001 0 eng
010 _a 74858774
015 _aB71-19022
020 _a0416083900
040 _aDLC
_cDLC
_dDLC
041 _aeng
043 _ae-uk---
080 _a309.141
082 0 0 _a309.141
100 1 _a16
101 _aHIS
245 1 4 _aThe world we have lost.
350 _a£2.75
504 _aBibliography: p. [312]-317.
906 _a7
_bcbc
_corignew
_d3
_encip
_f19
_gy-gencatlg
942 _2ddc
_cBK
999 _c39087
_d39087